000
00290nam a22001337a 4500
008
181218b xxu||||| |||| 00| 0 eng d
020
_a
9780764144677
041
_a
eng
080
_a
540
100
_a
12
101
_a
KIM
245
_a
Organic Chemistry
_c
Hathaway,B.A
942
_2
udc
_c
BK
999
_c
53360
_d
53360